Z praxe outsourcingu

Chyby, ktoré outsourcing menia na komplikovanú, problematickú a drahú záležitosť: neskúsený dodávateľ, problémy s kvalitou, móda outsourcingu, závislosť na dodávateľovi, dobré meno dodávateľa, prekvapujúce vedľajšie efekty.

Salvato in:
Dettagli Bibliografici
Autore principale: Nejedlý, Miroslav
Natura: Capitolo di libro
Lingua:ceco
Soggetti:
Tags: Aggiungi Tag
Nessun Tag, puoi essere il primo ad aggiungerne!!

MARC

LEADER 00000naa$a2200000$$$4500
001 0079257
005 20231213141252.5
041 0 |a cze 
044 |a CZ 
245 1 0 |a Z praxe outsourcingu  |c Miroslav Nejedlý 
520 |a Chyby, ktoré outsourcing menia na komplikovanú, problematickú a drahú záležitosť: neskúsený dodávateľ, problémy s kvalitou, móda outsourcingu, závislosť na dodávateľovi, dobré meno dodávateľa, prekvapujúce vedľajšie efekty. 
610 2 0 |a outsourcing 
610 2 0 |a náklady 
610 2 0 |a pracovníci 
610 2 0 |a služby 
610 2 0 |a teória a prax 
610 2 0 |a dodávatelia 
100 1 |a Nejedlý, Miroslav